000 00501nam a2200157 i 4500
001 102100
003 ES-MaACL
005 20230906183038.0
007 t|
008 051103s1930 sp ||||1| spa d
110 2 _aUnión Española de Explosivos.
_97016
245 1 0 _aMemoria presentada por el Consejo de Administración a la Junta General Ordinaria /
_cUnión Española de Explosivos.
260 _aBilbao :
_bEdit. Vizcaina,
_c1930.
300 _a10 p. ;
_c24 cm.
852 _aES-MaACL
_j1743-F-8
999 _c102100
_d102100